000 00849nam a22002897a 4500
001 BR9400739
003 BR-BrBNA
005 20230928093857.0
007 ta
008 230509b bl.||||| |||| 00| 0 por d
040 _aBR-BrBNA
_bpor
_cBiblioteca Nacional de Agricultura
041 _a(Por)
072 _aE10; El6; E70
090 _ E10 BR9400739
110 1 _aMinisterio da Agricultura, Brasilia, DF (Brasil). Secretaria de Acompanhamento e Avaliacao
_96822
245 1 _aAcoes do Ministerio da Agricultura no periodo 1979-1984
260 3 _aBrasilia, DF (Brasil):
_c1984.
300 _a155 p.
650 _aPlanejamento Economico
650 _aPolitica Economica
650 _aEstatistica de Producao
650 _aExportacao
650 _aImportacao
650 _aPreco
909 _a202309
_bLucia
_c55
_dLucia Elande
942 _cBK
999 _c47651
_d47651